000 00628nam a2200205Ia 4500
005 20221110112557.0
008 131103s9999 xx 000 0 und d
020 _a195628764
_cRs.175
040 _aLoreto College
041 _aEnglish
082 _a954.03
_bBAY
100 _aBayly,C.A.
245 _aRulers, townsmen and bazaars
_b North Indian society in the age of British expansion 1770 - 1870
_cC.A.Bayly
260 _aDelhi
_bOxford University Press
_c1992
300 _axiii,516 p.
504 _aIncludes index and bibliographical references
650 _aHistory - Modern India
850 _aLCLIB
942 _cBK
999 _c9584
_d60063